000 01301cam a22003857a 4500
003 CHAP
005 20220817041729.0
008 971013s1972 r 00010 d
010 _a22795
011 _a23767
035 _a27864
040 _cCHAP
090 _aFolleto 3318 (1972)
110 _aFAO. Comisión del Codex Alimentarius
_939482
245 0 _aMétodos FAO
_c/ OMS del Codex Alimentarius para el análisis de frutas y hortalizas elaboradas : segunda serie
260 _aRoma :
_bFAO,
_c1972
300 _a12 p.
410 2 _aFAO
490 0 _aPrograma conjunto FAO/OMS sobre normas alimentarias
590 _aBATCH-UPD
_b10
_c20130110
_lUCH01
_h1255
590 _aBATCH-UPD
_b10
_c20130410
_lUCH01
_h0815
590 _aBATCH-UPD
_b10
_c20130914
_lUCH01
_h1342
590 _aCONVERSION
_b10
_c20130109
_lUCH01
_h1313
650 1 4 _aFruta
_xInspección.
_943627
650 1 4 _aFruta
_xNormas de calidad.
_943644
650 1 4 _aLegumbres
_xInspección.
_965733
650 1 4 _aLegumbres
_xNormas de calidad.
_965764
710 0 _aFAO.
710 0 _aOrganización Mundial de la Salud.
_983555
810 0 _aFAO
830 0 _aPrograma conjunto FAO/OMS sobre normas alimentarias
_992254
901 _aBK
942 _cFOLL
949 _aFolleto 3318 (1972)
_bBC
_cFAO
_d-64424
_eFAO1
_i27864
_mD
_si
999 _c22795
_d22795